| 000 | 00612nam a2200205 a 4500 | ||
|---|---|---|---|
| 001 | 1985 | ||
| 003 | CDMR | ||
| 005 | 20131104171603.0 | ||
| 008 | 130130s1975||||||||||||||||||||||||||||d | ||
| 040 |
_aCDMR _bcat _cCDMR |
||
| 100 | 1 |
_aPigasse, Jean-Paul _91482 |
|
| 245 | 1 | 3 |
_aLa difficulté d'informer _b: vérités sur la presse èconomique _cJean-Paul Pigasse |
| 260 |
_aParis _c1975 _bAlain Moreau |
||
| 300 | _a334 p. | ||
| 490 | 0 | _aBibliothèque des mèdia | |
| 650 | 0 | 4 |
_9262 _aPremsa econòmica |
| 650 | 0 | 4 |
_93564 _aPeriodisme _xFonts d'informació |
| 650 | 0 | 4 |
_9311 _aEmpreses periodístiques |
| 942 |
_cMON _2udc |
||
| 999 |
_c1985 _d1985 |
||